Central Library OPAC University of Rajshahi

Current economic developments : (Record no. 45451)

MARC details
000 -LEADER
fixed length control field 00776cam a2200241 a 4500
001 - CONTROL NUMBER
control field 45451
003 - CONTROL NUMBER IDENTIFIER
rucl marc code BD-RjUL
005 - DATE AND TIME OF LATEST TRANSACTION
control field 20211209054020.0
008 - FIXED-LENGTH DATA ELEMENTS--GENERAL INFORMATION
fixed length control field 160726s1965 dcu b f000 0 eng d
035 ## - SYSTEM CONTROL NUMBER
System control number (BD-RjUL)45569
System control number 1696341
040 ## - CATALOGING SOURCE
Original cataloging agency ANL
Language of cataloging eng
Transcribing agency ANL
Modifying agency SSL
041 ## - LANGUAGE CODE
Language code of text/sound track or separate title eng
082 ## - DEWEY DECIMAL CLASSIFICATION NUMBER
Edition number 23
Classification number 338.9
Author mark and year CUR 1965
110 1# - MAIN ENTRY--CORPORATE NAME
Corporate name or jurisdiction name as entry element United States.
Subordinate unit Department of State.
9 (RLIN) 138020
245 10 - TITLE STATEMENT
Title Current economic developments :
Remainder of title world economic survey 1964 part 2 /
260 ## - PUBLICATION, DISTRIBUTION, ETC. (IMPRINT)
Place of publication, distribution, etc. Washington [D.C.] :
Name of publisher, distributor, etc. Dept. of State,
Date of publication, distribution, etc. 1965
300 ## - PHYSICAL DESCRIPTION
Pagination 196 p. :
Illustrations ill. ;
Size 29 cm.
490 1# - SERIES STATEMENT
Series statement Foreign relations of the United States. Supplement
650 ## - SUBJECT ADDED ENTRY--TOPICAL TERM
Topical term or geographic name as entry element Economic Develoment
9 (RLIN) 139154
942 ## - ADDED ENTRY ELEMENTS (KOHA)
Source of classification or shelving scheme Dewey Decimal Classification
Koha item type Books
Holdings
Lost status Source of classification or shelving scheme Damaged status Not for loan Collection code Permanent Location Current Location Shelving location Date acquired Source of acquisition Cost, normal purchase price Total Checkouts Full call number Date last seen Copy number Koha item type
  Dewey Decimal Classification     Non-fiction Central Library, University of Rajshahi Central Library, University of Rajshahi   24/11/1967 Swets zeitlinger 10.00   338.9 CUR 1965 26/07/2016 C-2 Books
  Dewey Decimal Classification     Non-fiction Central Library, University of Rajshahi Central Library, University of Rajshahi   24/11/1967 Sweets & Zeitlinger 10.00   338.9 CUR 1965 30/07/2016 C-3 Books